Une lettre suffit pour répondre juste #94 (attention 10 lettres tuent) - Statistiques

Statistiques générales
  • Ce quiz a été pris 49 fois
  • Le résultat moyen est 3 sur 6
Statistiques - réponses
Hint Réponse % Correct
Donne une des 5 lettres qui complète le nom du film en extrait de 2001 : Mulholland _ _ _ _ _
DRIVE
100%
Donne une des 4 lettres du mot anglais : - qui signifie arrière, derrière, retour - qui complète un album du groupe AC/DC : _ _ _ _ in Black - qui complète le nom d'une position de football américain : Running _ _ _ _ BACK
98%
Donne une des 3 lettres qui complète le nom de ce personnage de la série TV Squid Game : Seong Gi-_ _ _, Player 456 Ces 3 lettres recherchées sont aussi au milieu d'un mot de 5 lettres qui est un synonyme familier d'argent.
HUN (tHUNe)
49%
Donne une des 2 lettres qui ensemble (par ordre alphabétique) désigne : - un titre de civilité non-binaire utilisé en langue anglaise - la première génération de matériel roulant du métro de Bruxelles - les 3 trois catégories de la Fédération internationale de motocyclisme : _ _ 1 // _ _ 2 // _ _ 3 MX
14%
Donne la lettre des initiales (1ere lettre prénom et nom) de cette actrice, mannequin et chanteuse américaine qui a joué dans : À nous quatre Le Journal intime d'une future star Freaky Friday Lolita malgré moi Lucky Girl Mère-fille, mode d'emploi En cloque mais pas trop La Coccinelle revient
L (Lindsay Lohan)
9%
Donne la lettre qui est la plus présente dans le titre de ce film de 1996
T (TwisTer)
5%
Aucun quiz correspondant
Distribution des résultats
% des personnes avec chaque résultat
Percentile par nombre de réponses
Votre historique - résultats
Vous n’avez pas pris ce quiz